[Event "Swiss Queens Wed #8"]
[Site "FIDE Online Arena INT"]
[Date "2024.03.20"]
[Round "2"]
[White "Mira, Helene"]
[Black "Mariano, Christine Rose"]
[Result "0-1"]
[WhiteElo "2021"]
[BlackElo "1931"]
[PlyCount "78"]
[EventDate "2024.03.20"]
[EventType "swiss (blitz)"]
[EventRounds "11"]
[EventCountry "NET"]
[SourceTitle "CB13_2024"]
[SourceDate "2024.03.27"]
[SourceVersion "1"]
[SourceVersionDate "2024.03.27"]
[SourceQuality "1"]

1. d4 f5 2. Nf3 Nf6 3. e3 e6 4. Bd3 d5 5. 0-0 Bd6 6. c4 c6 7. b3 0-0 8. Bb2 Nbd7 9. Ne5 Ne4 10. f3 Nef6 11. Nd2 Qc7 12. f4 Ne4 13. Rc1 Rf6 14. Ndf3 Rh6 15. Bxe4 fxe4 16. Ng5 Nf6 17. Ngf7 Rh4 18. g3 Rh5 19. g4 Rh3 20. Qe1 h5 21. g5 Ng4 22. Nxg4 hxg4 23. g6 Bd7 24. Rc2 Be8 25. Ng5 Rh5 26. Nxe6 Qe7 27. cxd5 cxd5 28. Ng5 Bxg6 29. Qe2 Bf5 30. Rfc1 Rf8 31. Qg2 g6 32. Rf2 Kg7 33. Qf1 Rfh8 34. Rg2 Qd8 35. Qb5 Be7 36. Rcc2 b6 37. Qc6 Bxg5 38. fxg5 Qxg5 39. Qc7+ Kh6 0-1

[Event "Swiss Queens Wed #3"]
[Site "FIDE Online Arena INT"]
[Date "2024.02.14"]
[Round "10"]
[White "Mira, Helene"]
[Black "Devanshi, Rathi"]
[Result "1-0"]
[WhiteElo "2021"]
[BlackElo "1559"]
[PlyCount "77"]
[EventDate "2024.02.14"]
[EventType "swiss (blitz)"]
[EventRounds "11"]
[EventCountry "NET"]
[SourceTitle "CB08_2024"]
[SourceDate "2024.02.21"]
[SourceVersion "1"]
[SourceVersionDate "2024.02.21"]
[SourceQuality "1"]

1. d4 d5 2. c4 e6 3. Nf3 Nf6 4. Nc3 c5 5. cxd5 Nxd5 6. e4 Nxc3 7. bxc3 cxd4 8. cxd4 Bb4+ 9. Bd2 Qa5 10. Rb1 Bxd2+ 11. Qxd2 Qxd2+ 12. Kxd2 Nc6 13. Bb5 Bd7 14. d5 exd5 15. exd5 Na5 16. Rhe1+ Kd8 17. Bxd7 Kxd7 18. Ne5+ Kc7 19. Nxf7 Rhe8 20. f4 Nc4+ 21. Kd3 Nb6 22. Rbc1+ Kd7 23. d6 Rxe1 24. Rxe1 Re8 25. Re5 Re6 26. Kd4 Nc8 27. f5 Rxe5 28. Kxe5 Nb6 29. Ng5 Nc4+ 30. Kd5 Ne3+ 31. Ke5 Nxg2 32. Nxh7 Nh4 33. Nf8+ Kd8 34. Ke6 Nf3 35. Kf7 Nd4 36. Ne6+ Kd7 37. Nxd4 Kxd6 38. Kxg7 Ke5 39. f6 1-0

[Event "Swiss Queens Wed #3"]
[Site "FIDE Online Arena INT"]
[Date "2024.02.14"]
[Round "5"]
[White "Mira, Helene"]
[Black "Novikova, Margarita"]
[Result "1/2-1/2"]
[WhiteElo "2021"]
[BlackElo "1999"]
[PlyCount "103"]
[EventDate "2024.02.14"]
[EventType "swiss (blitz)"]
[EventRounds "11"]
[EventCountry "NET"]
[SourceTitle "CB08_2024"]
[SourceDate "2024.02.21"]
[SourceVersion "1"]
[SourceVersionDate "2024.02.21"]
[SourceQuality "1"]

1. d4 g6 2. c4 Bg7 3. Nc3 d6 4. e4 Nc6 5. Be3 e5 6. d5 Nd4 7. Nge2 Bg4 8. h3 Bxe2 9. Bxe2 Nxe2 10. Qxe2 a6 11. g4 Qh4 12. 0-0-0 0-0-0 13. c5 f5 14. gxf5 gxf5 15. Rhg1 Bh6 16. cxd6 Rxd6 17. exf5 Nf6 18. Bxh6 Qxh6+ 19. Qe3 Qxe3+ 20. fxe3 e4 21. Rg7 Rd7 22. Rxd7 Kxd7 23. Rg1 b5 24. a3 Kd6 25. Rg7 Rf8 26. Kc2 Rd8 27. Rf7 Ke5 28. Rxc7 Nxd5 29. Nxd5 Rxd5 30. Rxh7 Rd3 31. Rh6 Kxf5 32. Rxa6 Rxe3 33. Rb6 Rxh3 34. Rxb5+ Kf4 35. Rb8 Rh5 36. Kd2 e3+ 37. Ke2 Rh2+ 38. Ke1 Rh1+ 39. Ke2 Rh2+ 40. Kf1 Rf2+ 41. Ke1 Rh2 42. Rf8+ Ke4 43. b4 Kd3 44. Rd8+ Kc4 45. Re8 Kd3 46. Rd8+ Kc4 47. Rd7 Ra2 48. Re7 Rxa3 49. b5 Kxb5 50. Ke2 Kc4 51. Rxe3 Rxe3+ 52. Kxe3 1/2-1/2

[Event "Bodensee op"]
[Site "Bregenz"]
[Date "2022.05.26"]
[Round "6"]
[White "Bruns, Patrick"]
[Black "Mira, Helene"]
[Result "0-1"]
[WhiteElo "1751"]
[BlackElo "2080"]
[PlyCount "70"]
[EventDate "2022.05.21"]
[EventType "swiss"]
[EventRounds "9"]
[EventCountry "AUT"]
[SourceTitle "CBM 208 Extra"]
[Source "ChessBase"]
[SourceDate "2022.07.31"]
[SourceVersion "1"]
[SourceVersionDate "2022.07.31"]
[SourceQuality "1"]

1. e4 e5 2. Nf3 Nc6 3. Bb5 a6 4. Ba4 Nf6 5. 0-0 Be7 6. Re1 b5 7. Bb3 d6 8. c3 0-0 9. h3 Na5 10. Bc2 c5 11. d4 Qc7 12. d5 c4 13. Bg5 Nb7 14. Nbd2 Nc5 15. Nf1 h6 16. Bxf6 Bxf6 17. Ne3 g6 18. Nh2 Bg7 19. g4 Qe7 20. Nf3 h5 21. Kg2 hxg4 22. hxg4 Bh6 23. Nh2 Bf4 24. Qf3 Qg5 25. Rh1 Kg7 26. Nhf1 Bd7 27. Rh3 Rh8 28. Rxh8 Rxh8 29. Ng3 Bxe3 30. Qxe3 Qxg4 31. Rh1 Rxh1 32. Kxh1 f5 33. exf5 gxf5 34. Qd2 f4 35. Nf1 Qf3+ 0-1

[Event "Bodensee op"]
[Site "Bregenz"]
[Date "2022.05.25"]
[Round "5"]
[White "Mira, Helene"]
[Black "Bauer, Thomas"]
[Result "0-1"]
[WhiteElo "2080"]
[BlackElo "2216"]
[PlyCount "45"]
[EventDate "2022.05.21"]
[EventType "swiss"]
[EventRounds "9"]
[EventCountry "AUT"]
[SourceTitle "CBM 208 Extra"]
[Source "ChessBase"]
[SourceDate "2022.07.31"]
[SourceVersion "1"]
[SourceVersionDate "2022.07.31"]
[SourceQuality "1"]

1. d4 Nf6 2. c4 c5 3. Nf3 cxd4 4. Nxd4 e5 5. Nb5 d5 6. cxd5 Bb4+ 7. Bd2 Bc5 8. Qc2 Na6 9. a3 0-0 10. N1c3 Ng4 11. e3 Qh4 12. Nd1 Nxh2 13. Ke2 e4 14. f3 Bf5 15. Qb3 exf3+ 16. gxf3 Qg3 17. Rxh2 Qxh2+ 18. Nf2 Rfe8 19. Rc1 Bb6 20. d6 Nc5 21. Rxc5 Bxc5 22. Nc7 Bxd6 23. Qxf7+ 0-1

[Event "Bodensee op"]
[Site "Bregenz"]
[Date "2022.05.23"]
[Round "3"]
[White "Holtel, Jasper"]
[Black "Mira, Helene"]
[Result "1-0"]
[WhiteElo "2347"]
[BlackElo "2080"]
[PlyCount "63"]
[EventDate "2022.05.21"]
[EventType "swiss"]
[EventRounds "9"]
[EventCountry "AUT"]
[SourceTitle "CBM 208 Extra"]
[Source "ChessBase"]
[SourceDate "2022.07.31"]
[SourceVersion "1"]
[SourceVersionDate "2022.07.31"]
[SourceQuality "1"]

1. Nf3 d5 2. g3 Bg4 3. Bg2 Nd7 4. c4 e6 5. cxd5 exd5 6. 0-0 c6 7. d3 Ngf6 8. Nc3 Bc5 9. Qb3 Qb6 10. Qc2 Qd8 11. e4 dxe4 12. dxe4 0-0 13. h3 Bxf3 14. Bxf3 Ne5 15. Be2 Qd7 16. Kg2 Rad8 17. Bg5 Be7 18. Rad1 Qc8 19. Be3 Rxd1 20. Rxd1 Qb8 21. f4 Ng6 22. e5 Ne8 23. Rd7 Bb4 24. Ne4 Nc7 25. Bxa7 Qc8 26. Bg4 Ne6 27. Rd1 h5 28. Bxe6 Qxe6 29. f5 Qxa2 30. fxg6 Qxa7 31. gxf7+ Rxf7 32. Ng5 1-0

[Event "AUT-chT 2122"]
[Site "Austria"]
[Date "2022.04.23"]
[Round "11.2"]
[White "Mira, Helene"]
[Black "Donchenko, Alexander"]
[Result "0-1"]
[WhiteElo "2079"]
[BlackElo "2645"]
[PlyCount "54"]
[EventDate "2021.11.04"]
[EventType "team-tourn"]
[EventRounds "11"]
[EventCountry "AUT"]
[SourceTitle "EXT 2023"]
[Source "ChessBase"]
[SourceDate "2022.10.05"]
[SourceVersion "1"]
[SourceVersionDate "2022.10.05"]
[SourceQuality "1"]
[WhiteTeam "Bregenz"]
[BlackTeam "Jenbach"]
[WhiteTeamCountry "AUT"]
[BlackTeamCountry "AUT"]

1. d4 Nf6 2. Nf3 e6 3. e3 b6 4. Bd3 Bb7 5. 0-0 d5 6. Ne5 Bd6 7. f4 0-0 8. Nd2 c5 9. b3 b5 10. dxc5 Bxc5 11. Ndf3 Qb6 12. Qe2 b4 13. Re1 Ne4 14. Bb2 f6 15. Ng4 Nc6 16. Bxe4 dxe4 17. Nd2 Ne7 18. Nc4 Qc7 19. Kh1 a5 20. a3 Nf5 21. axb4 axb4 22. c3 bxc3 23. Bxc3 Bd5 24. Rec1 Rxa1 25. Rxa1 Rb8 26. Qc2 h5 27. Nf2 Nxe3 0-1

[Event "AUT-chT 2122"]
[Site "Austria"]
[Date "2022.04.22"]
[Round "10.5"]
[White "Nagy, Gabor"]
[Black "Mira, Helene"]
[Result "1-0"]
[WhiteElo "2532"]
[BlackElo "2079"]
[PlyCount "83"]
[EventDate "2021.11.04"]
[EventType "team-tourn"]
[EventRounds "11"]
[EventCountry "AUT"]
[SourceTitle "EXT 2023"]
[Source "ChessBase"]
[SourceDate "2022.10.05"]
[SourceVersion "1"]
[SourceVersionDate "2022.10.05"]
[SourceQuality "1"]
[WhiteTeam "Fuerstenfeld/Hartberg"]
[BlackTeam "Bregenz"]
[WhiteTeamCountry "AUT"]
[BlackTeamCountry "AUT"]

1. d4 d5 2. Nf3 Nf6 3. c4 e6 4. Nc3 Be7 5. e3 0-0 6. a3 b6 7. cxd5 exd5 8. b4 c5 9. bxc5 bxc5 10. dxc5 Bxc5 11. Be2 Ba6 12. 0-0 Bxe2 13. Nxe2 Nbd7 14. Nf4 Nb6 15. Bb2 Qd6 16. Be5 Qe7 17. Bxf6 Qxf6 18. Nxd5 Nxd5 19. Qxd5 Qe7 20. a4 Rfd8 21. Qh5 Rac8 22. Rfd1 Bb6 23. h4 h6 24. Qg4 Rxd1+ 25. Rxd1 Rc2 26. Qf5 Rc5 27. Qd3 Qc7 28. Qb3 Rc3 29. Qd5 Rc1 30. g3 Rc2 31. Qe4 Qc6 32. Qxc6 Rxc6 33. Rd7 Rc1+ 34. Kg2 Ra1 35. Ne5 Rxa4 36. Nxf7 Ra2 37. Kf3 a5 38. Ne5 a4 39. Rb7 Bc5 40. h5 g5 41. hxg6 a3 42. Ng4 1-0

[Event "AUT-chT 2122"]
[Site "Austria"]
[Date "2022.03.27"]
[Round "8.4"]
[White "Schreiner, Peter"]
[Black "Mira, Helene"]
[Result "1-0"]
[WhiteElo "2424"]
[BlackElo "2079"]
[PlyCount "65"]
[EventDate "2021.11.04"]
[EventType "team-tourn"]
[EventRounds "11"]
[EventCountry "AUT"]
[SourceTitle "EXT 2023"]
[Source "ChessBase"]
[SourceDate "2022.10.05"]
[SourceVersion "1"]
[SourceVersionDate "2022.10.05"]
[SourceQuality "1"]
[WhiteTeam "Raika Feffernitz"]
[BlackTeam "Bregenz"]
[WhiteTeamCountry "AUT"]
[BlackTeamCountry "AUT"]

1. d4 d5 2. c4 e6 3. Nf3 Nf6 4. g3 c5 5. cxd5 exd5 6. Bg2 Nc6 7. 0-0 Ne4 8. Nc3 c4 9. Bf4 a6 10. Nxe4 dxe4 11. Ne5 Nxe5 12. dxe5 Bf5 13. Qc2 Qd5 14. Rfd1 Qc6 15. Rd4 b5 16. Bxe4 Bxe4 17. Rxe4 Bc5 18. Be3 Bxe3 19. Rxe3 0-0 20. b3 Rac8 21. bxc4 Qxc4 22. Qf5 Rc6 23. a3 Rfc8 24. Rd1 g6 25. Qg5 Qe6 26. Red3 Kg7 27. Rd6 Rxd6 28. Rxd6 Qc4 29. Qf6+ Kh6 30. e6 fxe6 31. Rd4 Qc1+ 32. Kg2 Rc4 33. Qh4+ 1-0

[Event "AUT-ch Vor1 Internet (Women)"]
[Site "Playchess.com INT"]
[Date "2020.05.30"]
[Round "9"]
[White "Mira, Helene"]
[Black "Teuschler, Barbara"]
[Result "0-1"]
[WhiteElo "2082"]
[BlackElo "2120"]
[PlyCount "72"]
[EventDate "2020.05.30"]
[EventType "swiss (blitz)"]
[EventRounds "9"]
[EventCountry "AUT"]
[SourceTitle "CBM 196 Extra"]
[Source "ChessBase"]
[SourceDate "2020.07.31"]
[SourceVersion "1"]
[SourceVersionDate "2020.07.31"]
[SourceQuality "1"]

1. d4 d5 2. Nf3 Nf6 3. e3 c6 4. c4 dxc4 5. Bxc4 e6 6. a3 Nbd7 7. b4 a5 8. b5 c5 9. Bb2 Be7 10. 0-0 0-0 11. Nbd2 b6 12. a4 Bb7 13. Qe2 Rc8 14. Rac1 Nd5 15. Rfd1 Bf6 16. Ne4 Be7 17. dxc5 bxc5 18. Ba3 Qb6 19. Neg5 h6 20. Nh3 Bf6 21. e4 Nc3 22. Rxc3 Bxc3 23. Rxd7 Rfd8 24. Rxd8+ Rxd8 25. Nf4 Qd6 26. Nd3 Qe7 27. Bxc5 Qf6 28. Bb6 Rc8 29. Nc5 Ba8 30. g3 Qg6 31. Kg2 h5 32. Qd3 Bb4 33. Nd7 Bxe4 34. Qe2 Qf5 35. Qe3 Rxc4 36. Bd4 Rxd4 0-1

[Event "AUT-ch Zwisch Internet"]
[Site "Playchess.com INT"]
[Date "2020.05.02"]
[Round "3"]
[White "Mira, Helene"]
[Black "Lerch, Johannes"]
[Result "0-1"]
[WhiteElo "2082"]
[BlackElo "2005"]
[PlyCount "172"]
[EventDate "2020.05.02"]
[EventType "swiss (blitz)"]
[EventRounds "13"]
[EventCountry "AUT"]
[SourceTitle "CBM 195 Extra"]
[Source "ChessBase"]
[SourceDate "2020.05.31"]
[SourceVersion "1"]
[SourceVersionDate "2020.05.31"]
[SourceQuality "1"]

1. d4 Nf6 2. c4 e6 3. Nf3 d5 4. Nc3 Be7 5. Bf4 0-0 6. e3 a6 7. Rc1 c6 8. c5 Nbd7 9. Bd3 Re8 10. Ne5 h6 11. g4 Nxe5 12. Bxe5 Nd7 13. Bg3 Bh4 14. Qf3 Qf6 15. Qg2 e5 16. 0-0 Bxg3 17. fxg3 Qe7 18. Rce1 e4 19. Be2 Nf6 20. h3 Be6 21. b4 Nh7 22. a4 Qd7 23. Rf4 Nf8 24. Rb1 Ng6 25. Rf2 Reb8 26. b5 axb5 27. axb5 Qc7 28. b6 Qd7 29. Bf1 Ra3 30. Rc2 Rba8 31. Ra2 Qc8 32. Rba1 Rxa2 33. Rxa2 Ne7 34. Qb2 f5 35. gxf5 Nxf5 36. Kf2 Qf8 37. Rxa8 Qxa8 38. g4 Ne7 39. Kg1 Qa5 40. Ne2 Qe1 41. Qc1 Qxc1 42. Nxc1 g5 43. Nb3 Kf7 44. Na5 Bc8 45. Kf2 Ke6 46. Kg3 Kf6 47. h4 Ke6 48. Be2 Kf6 49. h5 Ke6 50. Kf2 Kf6 51. Ke1 Ke6 52. Kd2 Kd7 53. Kc3 Ng8 54. Kd2 Nf6 55. Ke1 Ng8 56. Kf2 Nf6 57. Kg3 Ng8 58. Ba6 bxa6 59. b7 Bxb7 60. Nxb7 Kc7 61. Na5 Nf6 62. Nb3 Nd7 63. Na5 Nf8 64. Kf2 Ne6 65. Kg3 Nd8 66. Kf2 Nb7 67. Nb3 a5 68. Ke2 a4 69. Nd2 Na5 70. Kd1 Kb7 71. Kc2 Ka6 72. Kc3 Kb5 73. Nb1 Nc4 74. Nd2 Nxd2 75. Kxd2 Kc4 76. Kc2 a3 77. Kb1 Kd3 78. Ka2 Kxe3 79. Kxa3 Kxd4 80. Kb4 e3 81. Ka5 Kxc5 82. Ka6 e2 83. Kb7 e1Q 84. Kc7 Qe7+ 85. Kb8 Kb6 86. Ka8 Qa7# 0-1

[Event "AUT-ch Vor2 Internet"]
[Site "Playchess.com INT"]
[Date "2020.04.13"]
[Round "4"]
[White "Haemmerle, Dietmar"]
[Black "Mira, Helene"]
[Result "0-1"]
[WhiteElo "1762"]
[BlackElo "2082"]
[PlyCount "68"]
[EventDate "2020.04.13"]
[EventType "swiss (blitz)"]
[EventRounds "9"]
[EventCountry "AUT"]
[SourceTitle "CBM 195 Extra"]
[Source "ChessBase"]
[SourceDate "2020.05.31"]
[SourceVersion "1"]
[SourceVersionDate "2020.05.31"]
[SourceQuality "1"]

1. Nf3 d6 2. c4 e5 3. Nc3 f5 4. e4 Be7 5. Be2 Nf6 6. d3 c6 7. 0-0 0-0 8. h3 f4 9. a3 c5 10. b4 b6 11. Bd2 Nc6 12. b5 Nd4 13. Nxd4 cxd4 14. Nd5 Nd7 15. a4 Bb7 16. Bg4 Nc5 17. Nxe7+ Qxe7 18. Bb4 g6 19. a5 h5 20. Bf3 Kg7 21. g3 fxg3 22. fxg3 Qg5 23. Kh2 h4 24. g4 Qf4+ 25. Kh1 Qe3 26. Bg2 Rxf1+ 27. Qxf1 Rf8 28. Qg1 Nxd3 29. Be1 Bxe4 30. Bxh4 Bxg2+ 31. Kxg2 Nf4+ 32. Kh1 Qxh3+ 33. Qh2 Qxg4 34. Rg1 Qf3+ 0-1